| 000 | 01741cam a2200433 a 4500 | ||
|---|---|---|---|
| 001 | 8480 | ||
| 003 | FISKH | ||
| 005 | 20250915140701.0 | ||
| 008 | 970210s1997 nyua b 000 1 eng d | ||
| 010 | _a 97128056 | ||
| 020 |
_a0590921584 (pbk.) : _c$5.99 |
||
| 020 | _a9780590921589 | ||
| 020 | _a9780590921589 | ||
| 035 | _a3549132 | ||
| 040 |
_aNcFayC _cNcFayC _dDLC _beng |
||
| 050 | 0 | 4 |
_aQC147.5 _b.M37 1997 |
| 082 | 0 | 0 |
_a532.25 _221 |
| 100 | 1 | _aMason, Jane B. | |
| 245 | 1 | 0 |
_aScholastic's The magic school bus ups and downs : _ba book about floating and sinking / _c[adaptation by Jane B. Mason ; illustrated by Nancy Stevenson]. |
| 260 |
_aNew York : _bScholastic, _c1997. |
||
| 300 |
_a28 unnumbered pages : _bcolor illustrations ; _c21 cm |
||
| 336 |
_atext _btxt _2rdacontent |
||
| 337 |
_aunmediated _bn _2rdamedia |
||
| 338 |
_avolume _bnc _2rdacarrier |
||
| 500 | _a"Watch Scholastic's The Magic School Bus TV Show on PBS"--Logo on cover. | ||
| 500 | _a"Based on the episode from the animated TV series produced by Scholastic Productions, Inc."--T.p. verso. | ||
| 505 | _aN | ||
| 520 | _aThe kids from Ms. Frizzle's class learn lessons about why objects float or sink when they board the Magic School Bus--tranformed into a bus-boat--to investigate a report of a monster living in Walker Lake. | ||
| 521 | 8 |
_a580
_bLexile |
|
| 521 | 8 |
_aN
_bRaz-Plus |
|
| 650 | 0 |
_aFloating bodies _xJuvenile literature. |
|
| 650 | 0 |
_aHydrostatics _xJuvenile literature. |
|
| 650 | 0 |
_aBuoyant ascent (Hydrodynamics) _xJuvenile literature. |
|
| 650 | 1 | _aFloating bodies. | |
| 700 | 1 |
_aStevenson, Nancy W., _eillustrator |
|
| 906 |
_a7 _bcbc _ccopycat _d3 _encip _f19 _gy-gencatlg |
||
| 942 |
_2ddc _cBK _n0 |
||
| 999 |
_c8480 _d8480 |
||